| 000 | 01114nam a22003017a 4500 | ||
|---|---|---|---|
| 999 |
_c12723 _d12723 |
||
| 003 | EG-ScBUE | ||
| 005 | 20210214132039.0 | ||
| 008 | 090818s2002 ua f 000 d ara d | ||
| 017 | _a2003/3599 | ||
| 020 | _a9773053814 | ||
| 040 |
_aEG-ScBUE _bara _erda _cEG-ScBUE _dEG-ScBUE |
||
| 082 | 0 | 4 |
_a892.726 _bم ص ي _222 |
| 100 | 1 |
_aمصيلحي، محسن، _eمؤلف. |
|
| 245 | 1 | 0 |
_aحكاية أبو النجا لمنصور وشركاه / _cتأليف محسن مصيلحى؛ تقديم حمادة إبراهيم. |
| 250 | _aالطبعة الأولى. | ||
| 264 | 1 |
_aالقاهرة : _bالهيئة العامة لقصور الثقافة، _c2002. |
|
| 300 |
_a175 صفحة ؛ _c20 سم. |
||
| 336 |
_2rdacontent _aنص _btxt |
||
| 337 |
_2rdamedia _aبدون وسيط _bn |
||
| 338 |
_2rdacarrier _aمجلد _bnc |
||
| 490 | 0 |
_aنصوص مسرحية ؛ _v26 |
|
| 650 | 7 |
_98024 _aالمسرحيات العربية _zمصر _yقرن 20. _2BUEsh |
|
| 651 | _2BUEsh | ||
| 653 |
_bARALIT _cFebruary2021 |
||
| 655 |
_vReading book _934232 |
||
| 700 | 1 |
_aإبراهيم، حمادة، _eمقدم. |
|
| 942 |
_2ddc _cBB |
||